| 000 | 00385cam a2200169ua 4500 | ||
|---|---|---|---|
| 020 | _cRs.2/- | ||
| 041 |
_ahin _h |
||
| 082 |
_a891.54 _bBAC/MA |
||
| 100 | _aBachan, . | ||
| 245 |
_aMadaibala / _cBachan. _hTextual Documents |
||
| 260 |
_a : _bRajapal yada sangei , _c1962. |
||
| 300 | _a124 ; . | ||
| 365 | _aRs.2/- | ||
| 504 | _a | ||
| 942 | _cBK | ||
| 999 |
_c12069 _d12069 |
||